LEADER 00905nam a2200241 i 4500 001 000000163219 003 CaOOAMICUS 005 20070720000000.0 008 070720s1945 it u000 u ita u 013 $a140583 040 $aSeMil$bita 100 1 $aD'Ors, Eugenio,$d<1881-1954>.$0(OLS)http://semarc/name/42747 245 13$aLa valle di Giosafat /$cEugenio D'Ors. 260 $aMilano :$bBompiani,$c1945. 300 $a178 p. ;$c22 cm. 490 0 $aPortico : critica e saggi ;$v1 650 4$aCritica letteraria - Spagna.$0(OLS)http://semarc/subject/31029 830 0$aPortico ;$v1.$0(OLS)http://semarc/title/18498 850 $aSeMil 852 $aSeMil$W1$xVenegono$y1$m1R III 24$j246060$B114529$CSeMilBibl$Z2$F125322 $81 961 $aRecupero: Altro 996 $6245$aLa valle di Giosafat$9(OLS)http://semarc/title/232852 996 $6260$aMilano :$bBompiani$9(OLS)http://semarc/publisher/29706 LEADER 01164nam a2200253 i 4500 001 000000233884 003 CaOOAMICUS 005 20140929000000.0 008 140929s1961 it u000 u ita u 013 $a212787 040 $aSeMil$bita 100 1 $aDe Sica, Vittorio <1901-1974>.$0(OLS)http://semarc/name/10554 245 13$aIl giudizio universale /$cVittorio De Sica, Cesare Zavattini ; Un film di Dino De Laurentiis. 260 $aCaltanissetta ; Roma :$bSalvatore Sciascia,$ccopyr. 1961. 300 $a184 p., [80] p. di tav. ;$c22 cm. 490 0 $aIl film : collezione cinematografica ;$v4 650 4$aGiudizio universale, Il .$0(OLS)http://semarc/subject/41680 700 1 $aDe Laurentiis, Dino.$0(OLS)http://semarc/name/80220 700 1 $aZavattini, Cesare,$d<1902-1989>.$0(OLS)http://semarc/name/43912 830 3$aIl film ;$v4.$0(OLS)http://semarc/title/41656 850 $aSeMil 852 $aSeMil$W1$xVenegono$y1$m3M II 79$j184230$B184230$CSeMilBibl$Z2$F195150 $81 996 $6245$aIl giudizio universale$9(OLS)http://semarc/title/333849 996 $6260$aCaltanissetta ; Roma :$bSalvatore Sciascia$9(OLS)http://semarc/publisher/30104